[Event "Camp. Brasileiro Absoluto 2007-Final"]
[Site "Rio de Janeiro"]
[Date "2007.12.15"]
[Round "2.1"]
[White "Yago Moura Santiago"]
[Black "Roberto Junio Brito Molina"]
[Result "0-1"]
[WhiteElo "2179"]
[BlackElo "2322"]
[PlyCount "104"]
[EventDate "2007.12.14"]
[EventType "tourn"]
[EventRounds "11"]
[EventCountry "BRA"]
[EventCategory "8"]
[SourceDate "2007.12.14"]

1. e4 c6 2. d4 d5 3. Nc3 dxe4 4. Nxe4 Nd7 5. Ng5 Ngf6 6. N1f3 h6 7. Nh3 g5 8.
Nhg1 e6 9. Bd3 Bd6 10. Ne2 Qc7 11. h3 b6 12. b3 Bb7 13. Bb2 O-O-O 14. Kf1 Rhg8
15. Nc3 h5 16. Nd2 h4 17. a4 a5 18. Nc4 Be7 19. Ne5 Nf8 20. Qe2 Ng6 21. Ba6 Nf4
22. Qc4 Bb4 23. Rd1 Ne8 24. Kg1 Nd6 25. Qf1 Bxc3 26. Bxc3 Ne4 27. Be1 Bxa6 28.
Qxa6+ Qb7 29. Qxb7+ Kxb7 30. g3 Ne2+ 31. Kg2 Nxd4 32. Rb1 c5 33. Rf1 f5 34. Rb2
f4 35. gxf4 gxf4+ 36. Ng4 f3+ 37. Kh2 Ne2 38. Ne3 Rg5 39. c3 Rd3 40. Ng4 N4xc3
41. Bxc3 Nxc3 42. Rc1 Ne2 43. Rc4 Nd4 44. Ne3 Kc6 45. Ng4 e5 46. Kh1 Kd5 47.
Ne3+ Ke4 48. Ng4 Rd1+ 49. Kh2 Kd3 50. Ne3 Re1 51. Ng4 Ra1 52. Ne3 Rgg1 0-1

[Event "Camp. Brasileiro Absoluto 2007-Final"]
[Site "Rio de Janeiro"]
[Date "2007.12.15"]
[Round "2.2"]
[White "GM Rafael Dualibe Leitão"]
[Black "Roberto Calheiros Miranda"]
[Result "1-0"]
[WhiteElo "2601"]
[BlackElo "2213"]
[PlyCount "51"]
[EventDate "2007.12.14"]
[EventType "tourn"]
[EventRounds "11"]
[EventCountry "BRA"]
[EventCategory "8"]
[SourceDate "2007.12.14"]

1. d4 Nf6 2. c4 e5 3. dxe5 Ng4 4. Nf3 Bc5 5. e3 Nc6 6. Be2 Ngxe5 7. Nc3 d6 8.
O-O O-O 9. b3 a5 10. Bb2 Nxf3+ 11. Bxf3 Ne5 12. Be2 f5 13. Na4 Ba7 14. c5 Nf7
15. cxd6 Nxd6 16. Qd5+ Kh8 17. Qxa5 b5 18. Nc5 Bxc5 19. Qxa8 f4 20. exf4 Rxf4
21. Bf3 Qf8 22. Be5 Rf7 23. Rac1 Bb4 24. a3 Rf5 25. Bg3 Bc5 26. b4 1-0

[Event "Camp. Brasileiro Absoluto 2007-Final"]
[Site "Rio de Janeiro"]
[Date "2007.12.15"]
[Round "2.3"]
[White "MI Herman C.van Riemsdijk"]
[Black "GM Geovanni Vescovi"]
[Result "0-1"]
[WhiteElo "2391"]
[BlackElo "2617"]
[PlyCount "52"]
[EventDate "2007.12.14"]
[EventType "tourn"]
[EventRounds "11"]
[EventCountry "BRA"]
[EventCategory "8"]
[SourceDate "2007.12.14"]

1. e4 e6 2. d4 d5 3. Nc3 Bb4 4. e5 c5 5. a3 Bxc3+ 6. bxc3 Ne7 7. Nf3 Qa5 8. Bd2
Nbc6 9. Bd3 Bd7 10. O-O c4 11. Be2 f6 12. exf6 gxf6 13. Nh4 O-O-O 14. f4 Ng6
15. Qe1 Nxh4 16. Qxh4 Nxd4 17. Bg4 h5 18. Qxf6 Nxc2 19. Rac1 Qc5+ 20. Rf2 hxg4
21. Rxc2 Rxh2 22. Kxh2 Qxf2 23. f5 g3+ 24. Kh3 Rg8 25. Bg5 Qxc2 26. fxe6 Qh7+
0-1

[Event "Camp. Brasileiro Absoluto 2007-Final"]
[Site "Rio de Janeiro"]
[Date "2007.12.15"]
[Round "2.4"]
[White "MI Andre Diamant"]
[Black "MI Everaldo Matsuura"]
[Result "0-1"]
[WhiteElo "2395"]
[BlackElo "2511"]
[PlyCount "70"]
[EventDate "2007.12.14"]
[EventType "tourn"]
[EventRounds "11"]
[EventCountry "BRA"]
[EventCategory "8"]
[SourceDate "2007.12.14"]

1. e4 e5 2. Nf3 Nc6 3. Bb5 a6 4. Ba4 Nf6 5. O-O Be7 6. Re1 b5 7. Bb3 d6 8. c3
O-O 9. h3 Bb7 10. d4 Re8 11. Nbd2 Bf8 12. d5 Nb8 13. Nf1 Nbd7 14. N3h2 Nc5 15.
Bc2 c6 16. b4 Ncd7 17. dxc6 Bxc6 18. Bg5 Qc8 19. Ng4 Nxg4 20. hxg4 Nb6 21. Bb3
Qb7 22. Qf3 d5 23. Ng3 a5 24. bxa5 Rxa5 25. Rad1 dxe4 26. Nxe4 Nc4 27. Qf5 Qc8
28. Qf3 Bd7 29. Rxd7 Qxd7 30. Rd1 Qe6 31. Rd5 Rea8 32. a4 Qxd5 33. Nf6+ gxf6
34. Qxd5 bxa4 35. Qxc4 axb3 0-1

[Event "Camp. Brasileiro Absoluto 2007-Final"]
[Site "Rio de Janeiro"]
[Date "2007.12.15"]
[Round "2.5"]
[White "GM Gilberto Milos"]
[Black "MF Jorge Bittencourt"]
[Result "1/2-1/2"]
[WhiteElo "2592"]
[BlackElo "2448"]
[PlyCount "99"]
[EventDate "2007.12.14"]
[EventType "tourn"]
[EventRounds "11"]
[EventCountry "BRA"]
[EventCategory "8"]
[SourceDate "2007.12.14"]

1. d4 Nf6 2. c4 e6 3. Nc3 Bb4 4. Qc2 Nc6 5. e3 O-O 6. Bd3 d5 7. cxd5 Qxd5 8. f4
Qd8 9. Nf3 Ne7 10. a3 Bxc3+ 11. bxc3 c5 12. e4 Qc7 13. e5 c4 14. Be2 Nfd5 15.
Ng5 f5 16. exf6 Nxf6 17. O-O Ned5 18. Bd2 Bd7 19. Bg4 Rae8 20. Bh3 b5 21. Rae1
Qd6 22. Bc1 h6 23. Nf3 Bc8 24. Ne5 Nd7 25. Ng6 Rf6 26. Rf3 Nf8 27. Ne5 Bb7 28.
Qf2 Ne7 29. Rfe3 Nf5 30. Ng4 Rg6 31. Re5 Rb8 32. Ne3 Nxe3 33. R1xe3 Bd5 34. f5
exf5 35. Qxf5 Rd8 36. Re1 Qc6 37. Qf2 Rdd6 38. g3 Rgf6 39. Qe2 Rd8 40. Re7 Ng6
41. Re8+ Rf8 42. Rxd8 Rxd8 43. Qh5 Rf8 44. Bf5 Rf6 45. Qg4 Nf8 46. Re7 Rf7 47.
Re5 Bf3 48. Qh3 a6 49. Re3 Bd5 50. Qg4 1/2-1/2

[Event "Camp. Brasileiro Absoluto 2007-Final"]
[Site "Rio de Janeiro"]
[Date "2007.12.15"]
[Round "2.6"]
[White "MI Diego di Berardino"]
[Black "MI Krikor Mekhitarian"]
[Result "1/2-1/2"]
[WhiteElo "2430"]
[BlackElo "2428"]
[PlyCount "198"]
[EventDate "2007.12.14"]
[EventType "tourn"]
[EventRounds "11"]
[EventCountry "BRA"]
[EventCategory "8"]
[SourceDate "2007.12.14"]

1. e4 e6 2. d4 d5 3. Nd2 Nf6 4. e5 Nfd7 5. f4 c5 6. c3 Nc6 7. Ndf3 Qb6 8. g3
cxd4 9. cxd4 f6 10. Bd3 Bb4+ 11. Kf1 O-O 12. Kg2 Kh8 13. Bc2 Be7 14. Ne2 Qc7
15. Be3 Nb6 16. Bf2 Nc4 17. h4 Bd7 18. Neg1 f5 19. Ng5 h6 20. g4 Nb4 21. Bb1
Nxb2 22. Qb3 Nc4 23. a3 Nc6 24. gxf5 exf5 25. N1f3 Qb6 26. Qd3 Kg8 27. e6 Be8
28. Nf7 Nd6 29. Ba2 Nxf7 30. exf7+ Bxf7 31. Qxf5 Kh8 32. Rab1 Qc7 33. Ne5 Nxe5
34. dxe5 Bg8 35. Qg4 Bxa3 36. Rh3 Bc1 37. f5 Rac8 38. Rg3 h5 39. Qxh5+ Bh7 40.
f6 gxf6 41. exf6 Qf7 42. Bd4 Bf4 43. Qxd5 Rc2+ 44. Kf3 Rxa2 45. Qxf7 Rxf7 46.
Rxb7 Bxg3 47. Rxf7 Ra3+ 48. Kg4 Bg8 49. Rxa7 Be6+ 50. Kg5 Bxh4+ 51. Kxh4 Rh3+
52. Kg5 Rg3+ 53. Kf4 Rg4+ 54. Ke5 Bc4 55. Rc7 Bb3 56. f7 Bxf7 57. Rxf7 Kg8 58.
Ra7 Kf8 59. Kd5 Rg6 60. Be5 Kg8 61. Ke4 Kf8 62. Kf5 Rb6 63. Bf6 Rb1 64. Kg6 Re1
65. Ra8+ Re8 66. Ra2 Re1 67. Rd2 Re3 68. Rd8+ Re8 69. Rd7 Re1 70. Ra7 Re2 71.
Kf5 Rc2 72. Be5 Rc6 73. Bf6 Rc2 74. Rb7 Rc1 75. Kg6 Re1 76. Rh7 Ke8 77. Kf5 Rb1
78. Bd4 Kd8 79. Ke6 Kc8 80. Be5 Rc1 81. Bf4 Rc4 82. Bd6 Rc2 83. Kd5 Kd8 84. Ra7
Rc1 85. Rb7 Kc8 86. Rf7 Kd8 87. Bc5 Ke8 88. Rf2 Kd7 89. Rf7+ Ke8 90. Ra7 Rf1
91. Bd6 Rf7 92. Ra1 Kd7 93. Be5 Ke7 94. Ra8 Kd7 95. Ra6 Ke7 96. Rd6 Rf1 97. Rh6
Rf7 98. Bd6+ Kd7 99. Rh5 Rg7 1/2-1/2

[Event "Camp. Brasileiro Absoluto 2007-Final"]
[Site "Rio de Janeiro"]
[Date "2007.12.16"]
[Round "3.1"]
[White "MI Krikor Mekhitarian"]
[Black "Yago Moura Santiago"]
[Result "1-0"]
[WhiteElo "2428"]
[BlackElo "2179"]
[PlyCount "173"]
[EventDate "2007.12.14"]
[EventType "tourn"]
[EventRounds "11"]
[EventCountry "BRA"]
[EventCategory "8"]
[SourceDate "2007.12.14"]

1. e4 c5 2. Nf3 d6 3. d4 cxd4 4. Nxd4 Nf6 5. Nc3 a6 6. Be3 Ng4 7. Bg5 h6 8. Bh4
g5 9. Bg3 Bg7 10. h3 Ne5 11. Nf5 Bxf5 12. exf5 Nbc6 13. Nd5 e6 14. fxe6 fxe6
15. Ne3 O-O 16. Be2 Rc8 17. O-O d5 18. Re1 Qb6 19. Bh5 Rcd8 20. Ng4 Nxg4 21.
Qxg4 Nd4 22. c3 Nf5 23. Re2 Nxg3 24. Qxg3 Rf4 25. Rd1 e5 26. Qe3 Qxe3 27. fxe3
Rf6 28. Bf3 Rfd6 29. Red2 b6 30. Bxd5+ Kf8 31. e4 Ke7 32. c4 a5 33. Rd3 Bf6 34.
Rf1 Rc8 35. Rb3 Rc5 36. Rff3 Kd7 37. Rf5 Ke7 38. Kf1 Rc8 39. Ke2 h5 40. g3 Rf8
41. Rb5 Rc8 42. Kd3 Rc5 43. Rb3 Rc8 44. Rc3 Rc7 45. Rc2 Rc5 46. b3 Rc8 47. Rcf2
Rh8 48. h4 gxh4 49. gxh4 Rh7 50. a3 Bxh4 51. Rxe5+ Kd7 52. Rh2 Be7 53. Rexh5
Rxh5 54. Rxh5 Rg6 55. Rh3 Bxa3 56. e5 Be7 57. Be4 Rg5 58. Kd4 Rg1 59. Kd5 Rd1+
60. Bd3 Bc5 61. Ke4 Re1+ 62. Kf5 Re3 63. Rh7+ Be7 64. Bc2 Rc3 65. Bd1 a4 66.
bxa4 Rxc4 67. Be2 Rh4 68. Bb5+ Kd8 69. Rg7 Rh6 70. Ke4 Rh5 71. Rf7 Rg5 72. Kd5
Rh5 73. Rf1 Rg5 74. Ke6 Bc5 75. Rd1+ Kc8 76. a5 Rg7 77. a6 Re7+ 78. Kf6 Kb8 79.
e6 Rh7 80. Rd8+ Ka7 81. Rd7+ Rxd7 82. exd7 Bf2 83. Ke7 Bh4+ 84. Ke8 Ka8 85.
d8=Q+ Bxd8 86. Kxd8 Kb8 87. Kd7 1-0

[Event "Camp. Brasileiro Absoluto 2007-Final"]
[Site "Rio de Janeiro"]
[Date "2007.12.16"]
[Round "3.2"]
[White "MF Jorge Bittencourt"]
[Black "MI Diego di Berardino"]
[Result "0-1"]
[WhiteElo "2448"]
[BlackElo "2430"]
[PlyCount "72"]
[EventDate "2007.12.14"]
[EventType "tourn"]
[EventRounds "11"]
[EventCountry "BRA"]
[EventCategory "8"]
[SourceDate "2007.12.14"]

1. e4 c5 2. Nf3 d6 3. d4 cxd4 4. Nxd4 Nf6 5. Nc3 a6 6. Be3 e5 7. Nf3 Be7 8. Bc4
O-O 9. O-O Be6 10. Bb3 Nc6 11. Qe2 Na5 12. Rfd1 Nxb3 13. axb3 Qe8 14. Nd2 h6
15. Nc4 Qc6 16. Qd3 Bxc4 17. Qxc4 Qxc4 18. bxc4 Rfc8 19. Ra4 b5 20. cxb5 axb5
21. Rxa8 Rxa8 22. Kf1 b4 23. Nd5 Nxd5 24. Rxd5 Ra2 25. b3 Rxc2 26. Rb5 f5 27.
exf5 Kf7 28. f4 Rc3 29. Ke2 Rxb3 30. fxe5 dxe5 31. Rxe5 Rb2+ 32. Kf3 Bf6 33.
Rb5 b3 34. Rb7+ Kg8 35. Rb4 Rb1 36. Bd4 Bxd4 0-1

[Event "Camp. Brasileiro Absoluto 2007-Final"]
[Site "Rio de Janeiro"]
[Date "2007.12.16"]
[Round "3.3"]
[White "MI Everaldo Matsuura"]
[Black "GM Gilberto Milos"]
[Result "0-1"]
[WhiteElo "2511"]
[BlackElo "2592"]
[PlyCount "116"]
[EventDate "2007.12.14"]
[EventType "tourn"]
[EventRounds "11"]
[EventCountry "BRA"]
[EventCategory "8"]
[SourceDate "2007.12.14"]

1. e4 c5 2. Nf3 Nc6 3. d4 cxd4 4. Nxd4 Nf6 5. Nc3 d6 6. Bg5 e6 7. Qd2 a6 8.
O-O-O Bd7 9. f3 Be7 10. Be3 Qc7 11. g4 Ne5 12. g5 Nh5 13. Kb1 b5 14. Bd3 Rb8
15. Qg2 O-O 16. Nce2 Nc4 17. Bc1 e5 18. Nf5 Be6 19. Nfg3 Nf4 20. Nxf4 exf4 21.
Bxf4 Qa5 22. Nf5 Rfe8 23. Bxc4 bxc4 24. Nxe7+ Rxe7 25. c3 Reb7 26. Bxd6 Rxb2+
27. Qxb2 Rxb2+ 28. Kxb2 Qxg5 29. Rhg1 Qh5 30. Be7 f6 31. Bxf6 g6 32. h4 Qxf3
33. Rgf1 Qxe4 34. Rd8+ Kf7 35. Bd4+ Bf5 36. Rg1 Qxh4 37. Ra8 h5 38. Rxa6 Qe4
39. Ra7+ Kg8 40. Ka3 h4 41. Rf1 h3 42. Rg7+ Kf8 43. Rh7 Ke8 44. Rf2 Qe6 45. Rb2
Qa6+ 46. Kb4 Bd7 47. Re2+ Kd8 48. Ree7 Qa4+ 49. Kc5 Qc6+ 50. Kb4 Qa4+ 51. Kc5
h2 52. Bf6 Qc6+ 53. Kb4 Qa4+ 54. Kc5 Qc6+ 55. Kb4 Qb6+ 56. Ka3 Qxf6 57. Rxd7+
Ke8 58. Rb7 Qa6+ 0-1

[Event "Camp. Brasileiro Absoluto 2007-Final"]
[Site "Rio de Janeiro"]
[Date "2007.12.16"]
[Round "3.4"]
[White "GM Geovanni Vescovi"]
[Black "MI Andre Diamant"]
[Result "1-0"]
[WhiteElo "2617"]
[BlackElo "2395"]
[PlyCount "59"]
[EventDate "2007.12.14"]
[EventType "tourn"]
[EventRounds "11"]
[EventCountry "BRA"]
[EventCategory "8"]
[SourceDate "2007.12.14"]

1. d4 Nf6 2. Nf3 e6 3. c4 b6 4. g3 Bb7 5. Bg2 Be7 6. O-O O-O 7. Nc3 Ne4 8. Bd2
Bf6 9. Rc1 c5 10. d5 exd5 11. cxd5 Nxc3 12. Bxc3 d6 13. Nd2 Nd7 14. Ne4 Bxc3
15. bxc3 Nf6 16. Nxf6+ Qxf6 17. e4 c4 18. f4 Rac8 19. Qd2 Rc5 20. Rce1 Re8 21.
e5 dxe5 22. fxe5 Qd8 23. Qf4 Bxd5 24. Rd1 Re7 25. Rd4 Qa8 26. Rfd1 Bxg2 27.
Rd8+ Re8 28. R1d7 Bd5 29. Rxa8 Rxa8 30. Qd4 1-0

[Event "Camp. Brasileiro Absoluto 2007-Final"]
[Site "Rio de Janeiro"]
[Date "2007.12.16"]
[Round "3.5"]
[White "Roberto Calheiros Miranda"]
[Black "MI Herman C.van Riemsdijk"]
[Result "1/2-1/2"]
[WhiteElo "2213"]
[BlackElo "2391"]
[PlyCount "61"]
[EventDate "2007.12.14"]
[EventType "tourn"]
[EventRounds "11"]
[EventCountry "BRA"]
[EventCategory "8"]
[SourceDate "2007.12.14"]

1. e4 c5 2. Nf3 e6 3. d4 cxd4 4. Nxd4 Nf6 5. Nc3 Nc6 6. Ndb5 d6 7. Bf4 e5 8.
Bg5 a6 9. Na3 b5 10. Nd5 Qa5+ 11. Bd2 Qd8 12. Bg5 Be7 13. Nxe7 Qxe7 14. c3 O-O
15. Nc2 h6 16. Bxf6 Qxf6 17. Ne3 Ne7 18. g3 Bb7 19. Bg2 Qg6 20. Nf5 Nc8 21. O-O
Re8 22. a4 d5 23. axb5 axb5 24. Rxa8 Bxa8 25. Nh4 Qf6 26. exd5 e4 27. Re1 Nd6
28. Bf1 Re5 29. Ng2 Rxd5 30. Qa1 Bb7 31. Ne3 1/2-1/2

[Event "Camp. Brasileiro Absoluto 2007-Final"]
[Site "Rio de Janeiro"]
[Date "2007.12.16"]
[Round "3.6"]
[White "Roberto Junio Brito Molina"]
[Black "GM Rafael Dualibe Leitão"]
[Result "0-1"]
[WhiteElo "2322"]
[BlackElo "2601"]
[PlyCount "42"]
[EventDate "2007.12.14"]
[EventType "tourn"]
[EventRounds "11"]
[EventCountry "BRA"]
[EventCategory "8"]
[SourceDate "2007.12.14"]

1. d4 Nf6 2. c4 e6 3. Nf3 d5 4. g3 Bb4+ 5. Bd2 Be7 6. Bg2 O-O 7. O-O c6 8. Qc2
b6 9. Bf4 Bb7 10. b3 Nbd7 11. Rd1 Rc8 12. Nc3 c5 13. Nb5 cxd4 14. Nxa7 Rc5 15.
Rxd4 Qa8 16. Nb5 dxc4 17. Bd6 Bxd6 18. Nxd6 cxb3 19. Qxb3 Bd5 20. Qd3 e5 21.
Rh4 e4 0-1

[Event "Camp. Brasileiro Absoluto 2007-Final"]
[Site "Rio de Janeiro"]
[Date "2007.12.16"]
[Round "4.1"]
[White "Yago Moura Santiago"]
[Black "GM Rafael Dualibe Leitão"]
[Result "0-1"]
[WhiteElo "2179"]
[BlackElo "2601"]
[PlyCount "84"]
[EventDate "2007.12.14"]
[EventType "tourn"]
[EventRounds "11"]
[EventCountry "BRA"]
[EventCategory "8"]
[SourceDate "2007.12.14"]

1. Nf3 Nf6 2. b3 g6 3. g3 Bg7 4. Bb2 c5 5. Bg2 d5 6. O-O Nc6 7. d3 O-O 8. Nbd2
d4 9. a3 Nd5 10. Re1 Rb8 11. Nf1 b5 12. Qc1 c4 13. dxc4 bxc4 14. bxc4 Nb6 15.
e3 e5 16. Nxd4 Nxd4 17. exd4 Nxc4 18. Bc3 exd4 19. Bb4 Re8 20. Qg5 Be6 21. Qxd8
Rexd8 22. Rab1 Bf6 23. a4 Bf5 24. Bc5 Rxb1 25. Rxb1 a5 26. Rc1 Rc8 27. Ba7 Nb2
28. g4 Rxc2 29. Re1 Bxg4 30. h3 Be2 31. Bb6 Nc4 32. Bc5 d3 33. Bd5 Kg7 34. Be3
Bc3 35. Rb1 d2 36. Nxd2 Nxd2 37. Rb7 Nf3+ 38. Kg2 Ne5 39. Rc7 Bd3 40. Rxc3 Rxc3
41. Bd4 Ra3 42. Bxe5+ f6 0-1

[Event "Camp. Brasileiro Absoluto 2007-Final"]
[Site "Rio de Janeiro"]
[Date "2007.12.16"]
[Round "4.2"]
[White "MI Herman C.van Riemsdijk"]
[Black "Roberto Junio Brito Molina"]
[Result "1/2-1/2"]
[WhiteElo "2391"]
[BlackElo "2322"]
[PlyCount "95"]
[EventDate "2007.12.14"]
[EventType "tourn"]
[EventRounds "11"]
[EventCountry "BRA"]
[EventCategory "8"]
[SourceDate "2007.12.14"]

1. e4 c6 2. c4 d5 3. cxd5 cxd5 4. exd5 Nf6 5. Qa4+ Nbd7 6. Nc3 g6 7. Nf3 Bg7 8.
Qb3 O-O 9. Bc4 a6 10. a4 Nc5 11. Qa3 Qd6 12. O-O Bg4 13. d4 Nce4 14. Nxe4 Nxe4
15. Re1 Rac8 16. b3 Bxf3 17. gxf3 Qxa3 18. Bxa3 Nd6 19. Rxe7 Nxc4 20. bxc4 Rxc4
21. Rd1 Rd8 22. Rxb7 Bf8 23. Bxf8 Kxf8 24. Rb6 Rxd5 25. Rxa6 Rcxd4 26. Rxd4
Rxd4 27. Ra7 Rd2 28. a5 Ra2 29. Kg2 Kg7 30. Kg3 Kf6 31. a6 h6 32. Ra8 Kf5 33.
Ra7 Kf6 34. h3 h5 35. Kf4 Rxf2 36. Rb7 Re2 37. Rb6+ Kg7 38. a7 Ra2 39. Rb7 Kf6
40. Ke4 Kg5 41. Rxf7 Kh4 42. Kd5 Kxh3 43. Kc6 g5 44. Kb7 h4 45. Rf6 Rxa7+ 46.
Kxa7 Kg2 47. Rg6 Kxf3 48. Rxg5 1/2-1/2

[Event "Camp. Brasileiro Absoluto 2007-Final"]
[Site "Rio de Janeiro"]
[Date "2007.12.16"]
[Round "4.3"]
[White "MI Andre Diamant"]
[Black "Roberto Calheiros Miranda"]
[Result "1/2-1/2"]
[WhiteElo "2395"]
[BlackElo "2213"]
[PlyCount "142"]
[EventDate "2007.12.14"]
[EventType "tourn"]
[EventRounds "11"]
[EventCountry "BRA"]
[EventCategory "8"]
[SourceDate "2007.12.14"]

1. e4 c5 2. Nf3 Nc6 3. d4 cxd4 4. Nxd4 e5 5. Nb5 a6 6. Nd6+ Bxd6 7. Qxd6 Qf6 8.
Qxf6 Nxf6 9. Nc3 Nb4 10. Bd3 d5 11. exd5 Nfxd5 12. Nxd5 Nxd5 13. Bd2 O-O 14. c4
Ne7 15. O-O-O Nc6 16. Rhe1 Be6 17. Bc3 Rfc8 18. b3 f6 19. Kb2 Rd8 20. Be4 Rxd1
21. Rxd1 Rd8 22. Rxd8+ Nxd8 23. Ba5 Nc6 24. Bc7 g6 25. Kc3 Kf7 26. b4 Ke7 27.
b5 axb5 28. cxb5 Nd4 29. a4 Bc8 30. Kc4 Ne6 31. Bb8 Nf8 32. a5 Nd7 33. Bc7 f5
34. Bd5 Nf6 35. Bxe5 Nxd5 36. Kxd5 Be6+ 37. Kc5 Kd7 38. b6 Kc8 39. Kd6 Bc4 40.
Ke7 Bf1 41. g3 Bd3 42. h3 Be4 43. g4 fxg4 44. hxg4 Bf3 45. g5 Be4 46. f4 Bd3
47. Kf6 Be4 48. Kg7 Bd3 49. Kxh7 Bf5 50. Kg7 Bd3 51. Kf6 Bf5 52. Ke7 Bd3 53.
Kd6 Be4 54. Kc5 Kd7 55. a6 bxa6 56. f5 gxf5 57. g6 Ke6 58. Kd4 Bb7 59. Ke3 Ke7
60. Kf4 Bc8 61. Kg5 Kf8 62. Bd6+ Kg7 63. Bb4 Kh8 64. Bc3+ Kg8 65. Kf4 Kf8 66.
Ba5 Kg8 67. Ke5 Kg7 68. Kd6 Bb7 69. Kc7 Bg2 70. b7 Bxb7 71. Kxb7 Kxg6 1/2-1/2

[Event "Camp. Brasileiro Absoluto 2007-Final"]
[Site "Rio de Janeiro"]
[Date "2007.12.16"]
[Round "4.4"]
[White "GM Gilberto Milos"]
[Black "GM Geovanni Vescovi"]
[Result "1/2-1/2"]
[WhiteElo "2592"]
[BlackElo "2617"]
[PlyCount "47"]
[EventDate "2007.12.14"]
[EventType "tourn"]
[EventRounds "11"]
[EventCountry "BRA"]
[EventCategory "8"]
[SourceDate "2007.12.14"]

1. d4 Nf6 2. c4 e6 3. Nc3 Bb4 4. Qc2 d5 5. cxd5 Qxd5 6. Nf3 Qf5 7. Qd1 Bd7 8.
g3 Ne4 9. Bd2 Nc6 10. Nxe4 Qxe4 11. Bc3 e5 12. dxe5 Bxc3+ 13. bxc3 Nxe5 14.
Nxe5 Qxe5 15. Qd4 Qa5 16. Bg2 O-O 17. O-O Rad8 18. Qb4 Qxb4 19. cxb4 c6 20.
Rfd1 Bg4 21. Kf1 Rfe8 22. Rxd8 Rxd8 23. Ke1 Kf8 24. a4 1/2-1/2

[Event "Camp. Brasileiro Absoluto 2007-Final"]
[Site "Rio de Janeiro"]
[Date "2007.12.16"]
[Round "4.5"]
[White "MI Diego di Berardino"]
[Black "MI Everaldo Matsuura"]
[Result "1-0"]
[WhiteElo "2430"]
[BlackElo "2511"]
[PlyCount "115"]
[EventDate "2007.12.14"]
[EventType "tourn"]
[EventRounds "11"]
[EventCountry "BRA"]
[EventCategory "8"]
[SourceDate "2007.12.14"]

1. e4 e5 2. Nf3 Nc6 3. Bb5 a6 4. Ba4 Nf6 5. O-O Be7 6. Re1 b5 7. Bb3 d6 8. c3
O-O 9. h3 Bb7 10. d4 Re8 11. a4 h6 12. Nbd2 Bf8 13. Bc2 exd4 14. cxd4 Nb4 15.
Bb1 c5 16. d5 Nd7 17. Ra3 f5 18. Nh2 c4 19. Rf3 Ne5 20. Rxf5 Bc8 21. Rf3 Nxf3+
22. Ndxf3 Be7 23. Qd2 Nd3 24. Bxd3 cxd3 25. Qxd3 Bf6 26. axb5 axb5 27. Bd2 Bxb2
28. Qxb5 Bf6 29. Ng4 Bxg4 30. hxg4 Qc8 31. g5 hxg5 32. Bxg5 Bxg5 33. Nxg5 Qc3
34. Rf1 Qe5 35. f4 Qd4+ 36. Kh2 Rf8 37. Qd7 Rf6 38. Rf3 Rh6+ 39. Rh3 Qf6 40.
Qg4 Rxh3+ 41. Nxh3 Rf8 42. Qd7 Rd8 43. Qg4 Rf8 44. Qe6+ Kh8 45. Kg3 Qxe6 46.
dxe6 Ra8 47. f5 Kg8 48. Nf4 Ra3+ 49. Kg4 Re3 50. f6 gxf6 51. Kf5 Re1 52. Nd5
Kf8 53. Kxf6 Rxe4 54. e7+ Ke8 55. Nc7+ Kd7 56. e8=Q+ Rxe8 57. Nxe8 Kxe8 58. Ke6
1-0

[Event "Camp. Brasileiro Absoluto 2007-Final"]
[Site "Rio de Janeiro"]
[Date "2007.12.16"]
[Round "4.6"]
[White "MI Krikor Mekhitarian"]
[Black "MF Jorge Bittencourt"]
[Result "1-0"]
[WhiteElo "2428"]
[BlackElo "2448"]
[PlyCount "43"]
[EventDate "2007.12.14"]
[EventType "tourn"]
[EventRounds "11"]
[EventCountry "BRA"]
[EventCategory "8"]
[SourceDate "2007.12.14"]

1. d4 Nf6 2. c4 e6 3. Nf3 b6 4. g3 Ba6 5. Qc2 Bb7 6. Bg2 c5 7. d5 exd5 8. cxd5
Bxd5 9. Nc3 Bc6 10. e4 d6 11. Bf4 Nbd7 12. O-O-O Qb8 13. e5 Nh5 14. Rhe1 Nxf4
15. gxf4 d5 16. e6 Qxf4+ 17. Kb1 Nf6 18. Ne5 Bb7 19. Bxd5 Nxd5 20. Nxd5 Bxd5
21. exf7+ Kd8 22. Rxd5+ 1-0

[Event "Camp. Brasileiro Absoluto 2007-Final"]
[Site "Rio de Janeiro"]
[Date "2007.12.17"]
[Round "5.1"]
[White "MF Jorge Bittencourt"]
[Black "Yago Moura Santiago"]
[Result "1-0"]
[WhiteElo "2448"]
[BlackElo "2179"]
[PlyCount "71"]
[EventDate "2007.12.14"]
[EventType "tourn"]
[EventRounds "11"]
[EventCountry "BRA"]
[EventCategory "8"]
[SourceDate "2007.12.14"]

1. e4 c5 2. Nf3 d6 3. d4 cxd4 4. Nxd4 Nf6 5. Nc3 a6 6. f3 Qb6 7. Nb3 e6 8. Bf4
Be7 9. Qd2 O-O 10. g4 Qc7 11. O-O-O Rd8 12. g5 Ne8 13. h4 b5 14. Qf2 b4 15. Na4
Nd7 16. Be3 Rb8 17. Nd2 d5 18. exd5 exd5 19. b3 Nd6 20. Bf4 Nb6 21. Nxb6 Rxb6
22. Bd3 Rc6 23. h5 Qa5 24. h6 g6 25. Qd4 Bf8 26. Kb1 Nb7 27. Rhe1 Nc5 28. Bf1
Ne6 29. Qf6 Rxc2 30. Kxc2 Nxf4 31. Qxf4 Qxa2+ 32. Kd3 Bf5+ 33. Ke2 Qb2 34. Kf2
Bc5+ 35. Kg2 a5 36. Kh1 1-0

[Event "Camp. Brasileiro Absoluto 2007-Final"]
[Site "Rio de Janeiro"]
[Date "2007.12.17"]
[Round "5.2"]
[White "MI Everaldo Matsuura"]
[Black "MI Krikor Mekhitarian"]
[Result "1/2-1/2"]
[WhiteElo "2511"]
[BlackElo "2428"]
[PlyCount "46"]
[EventDate "2007.12.14"]
[EventType "tourn"]
[EventRounds "11"]
[EventCountry "BRA"]
[EventCategory "8"]
[SourceDate "2007.12.14"]

1. e4 c5 2. Nf3 d6 3. d4 cxd4 4. Nxd4 Nf6 5. Nc3 g6 6. Be3 Bg7 7. f3 O-O 8. Qd2
Nc6 9. O-O-O d5 10. Qe1 e5 11. Nxc6 bxc6 12. exd5 Nxd5 13. Bc4 Be6 14. Ne4 Qc7
15. Bc5 Rfd8 16. Qh4 h6 17. g4 Nf4 18. Bxe6 Nxe6 19. Be3 Nf4 20. g5 Ng2 21. Qf2
Nxe3 22. Qxe3 hxg5 23. Qxg5 Rd5 1/2-1/2

[Event "Camp. Brasileiro Absoluto 2007-Final"]
[Site "Rio de Janeiro"]
[Date "2007.12.17"]
[Round "5.3"]
[White "GM Geovanni Vescovi"]
[Black "MI Diego di Berardino"]
[Result "1-0"]
[WhiteElo "2617"]
[BlackElo "2430"]
[PlyCount "111"]
[EventDate "2007.12.14"]
[EventType "tourn"]
[EventRounds "11"]
[EventCountry "BRA"]
[EventCategory "8"]
[SourceDate "2007.12.14"]

1. d4 d5 2. c4 c6 3. Nf3 Nf6 4. Nc3 e6 5. Bg5 h6 6. Bxf6 Qxf6 7. Qb3 Nd7 8. e4
dxe4 9. Nxe4 Qf4 10. Bd3 e5 11. O-O exd4 12. Nxd4 Nc5 13. Nxc5 Bxc5 14. Rae1+
Kf8 15. Ne2 Qc7 16. Ng3 h5 17. Ne4 Be7 18. c5 Be6 19. Bc4 Rh6 20. Bxe6 Rxe6 21.
Qf3 Re8 22. Re3 Kg8 23. Rfe1 g6 24. g3 Kg7 25. h4 Bf8 26. Kg2 Kh8 27. b4 Bh6
28. R3e2 Qe7 29. Kf1 Bg7 30. Nd6 Rxe2 31. Rxe2 Qxe2+ 32. Qxe2 Rxe2 33. Kxe2 Bc3
34. a3 Bb2 35. Nxb7 Bxa3 36. b5 Bxc5 37. bxc6 Bb6 38. Nd6 a6 39. Kd3 Kg8 40.
Ne8 Kf8 41. c7 Bxc7 42. Nxc7 a5 43. Nd5 Ke8 44. Kc4 Kd7 45. f4 Kd6 46. Ne3 Kc6
47. g4 hxg4 48. Nxg4 Kd6 49. Ne3 Ke6 50. Kd4 Kd6 51. Nc4+ Ke6 52. Nxa5 Kf5 53.
Ke3 Kg4 54. Nc6 Kxh4 55. Ne5 g5 56. Nf3+ 1-0

[Event "Camp. Brasileiro Absoluto 2007-Final"]
[Site "Rio de Janeiro"]
[Date "2007.12.17"]
[Round "5.4"]
[White "Roberto Calheiros Miranda"]
[Black "GM Gilberto Milos"]
[Result "0-1"]
[WhiteElo "2213"]
[BlackElo "2592"]
[PlyCount "52"]
[EventDate "2007.12.14"]
[EventType "tourn"]
[EventRounds "11"]
[EventCountry "BRA"]
[EventCategory "8"]
[SourceDate "2007.12.14"]

1. e4 c5 2. Nf3 Nc6 3. d4 cxd4 4. Nxd4 Nf6 5. Nc3 d6 6. Bc4 e6 7. Be3 a6 8. Qe2
Qc7 9. Bb3 Na5 10. O-O-O b5 11. Bg5 Be7 12. Bxf6 Bxf6 13. f4 O-O 14. Rd3 b4 15.
Nb1 Nxb3+ 16. axb3 Bb7 17. Rhd1 Rac8 18. g4 e5 19. g5 exd4 20. gxf6 Bxe4 21.
R3d2 d3 22. Rxd3 Bxd3 23. Qxd3 d5 24. Rf1 Rfe8 25. c3 Qb6 26. Kc2 Qxf6 0-1